000 00711nam a22002417a 4500
001 65105
003 UA-OsUOA
005 20220526102340.0
007 ta
008 20091113b un ||||| |||| 00| 0 ukr d
020 _a5699038213
040 _aUA-OsUOA
_brus
_cUA-OsUOA
_dUA-OsUOA
041 _arus
080 _a821.161.1
090 _a821.161.1
_bА72
245 _aАфористика и карикатура. Антология Сатиры и Юмора России ХХ века
_cБ. Крутиер
260 _aМ.
_bЭксмо
_c2003
300 _a720 с.
505 _gТ. 24
650 7 _a82 Література. Літературознавство
_2UDC
942 _cBK
_2udc
955 _a3
999 _c351219
_d351219